000 01248nam a22003254a 4500
001 ebr10044076
003 CaPaEBR
006 m u
007 cr cn|||||||||
008 001115s2001 enk sb 001 0 eng
010 _z 00066871
020 _z0333801504
040 _aCaPaEBR
_cCaPaEBR
035 _a(OCoLC)559381887
050 1 4 _aJZ4984.5
_b.A33 2001eb
082 0 4 _a341.23
_221
245 0 0 _aAdapting the United Nations to a postmodern era
_h[electronic resource] /
_cedited by W. Andy Knight.
260 _aHoundmills, Basingstoke, Hampshire ;
_aNew York :
_bPalgrave,
_c2001.
300 _axxiv, 272 p.
490 1 _aGlobal issues series
504 _aIncludes bibliographical references and index.
533 _aElectronic reproduction.
_bPalo Alto, Calif. :
_cebrary,
_d2013.
_nAvailable via World Wide Web.
_nAccess may be limited to ebrary affiliated libraries.
610 2 0 _aUnited Nations.
650 0 _aPostmodernism.
655 7 _aElectronic books.
_2local
700 1 _aKnight, W. Andy.
710 2 _aebrary, Inc.
830 0 _aGlobal issues series (Palgrave (Firm))
856 4 0 _uhttp://site.ebrary.com/lib/rucke/Doc?id=10044076
_zAn electronic book accessible through the World Wide Web; click to view
999 _c75041
_d75041